Pedagogia i vida / Joaquim Xirau ; introducció i tria de textos de Miquel Siguan i Soler
Descripción Física:
LII, 153 p. ; 20 cm
Colección:
Textos pedagògics ; 7
Otros Autores:
Siguan, Miquel, ed
Materias:
Pedagogia
MARC
| LEADER | 00000nam a2200000Ia 4500 | ||
|---|---|---|---|
| 001 | 2197 | ||
| 008 | 160829s1986 xx 000 0 cat d | ||
| 080 | |a E-1-126 | ||
| 100 | |a Xirau, Joaquim |9 37043 | ||
| 245 | |a Pedagogia i vida / Joaquim Xirau ; introducció i tria de textos de Miquel Siguan i Soler | ||
| 260 | |a Vic : |b Eumo ; Barcelona : |b Diputació de Barcelona, |c 1986 | ||
| 300 | |a LII, 153 p. ; |c 20 cm | ||
| 490 | |a Textos pedagògics ; 7 | ||
| 650 | |a Pedagogia |9 35391 | ||
| 700 | |a Siguan, Miquel, ed. |9 37044 | ||
| 710 | 1 | |a Barcelona (Catalunya : Província). |b Diputació |9 52408 | |
| 901 | |a Arxiu | ||
| 942 | |n 1 | ||
| 952 | |0 0 |1 0 |4 0 |6 E1126 |7 1 |9 47616 |a Arxiu |b Arxiu |d 2016-12-01 |l 0 |o E-1-126 |p 2197 |r 2016-12-01 00:00:00 |w 2016-12-01 |y ARXIU | ||
| 999 | |c 51415 |d 51415 | ||